000 01929nam a2200349 c 4500
003 BLK
005 20240731005406.0
008 180408b bul|||||r ||||||| ||bul||
010 _aKNG00049026000
020 _a954-739-428-2
_bиздат.: Захарий Стоянов
040 _aBLK
041 _aBUL
_cBUL
080 _aБългарска литература
_b821.163.2
_x-84
_z821.163.2-84
700 1 _aАрнаудов, Михаил
_eпод ред. на
_9280043
700 1 _aСлавейков, Петко Рачов
_d1827-1895
_gВиден възрожд. деец, участник в борбата за църк. освобожд., просветител, писател, поет, публицист, фолклорист, политик
_eсъбр.
_9121105
139 _aСлавейков, Петко Рачов
_bС 42
245 1 0 _aБългарски притчи или пословици и характерни думи
_cсъбр. Петко Рачов Славейков; под ред. на Михаил Арнаудов.
250 _a4. изд.
257 _aBGR
260 София
_bЗахарий Стоянов
_c2003
_fСофия : Образование и наука
300 _a788 с.
_c20 см
380 _aX
490 1 _aПоредица Българска класика
_v50
500 _aКор. загл. Български пословици. - 1. изд. 1889-1897 в 2 ч., изд. на Дружествена печ. Единство. - Съдържа и Сборникът на Славейков / М. Арнаудов ; Речник на малко познати думи и изрази.
653 _aпословици
852 _aЦб 223137
856 4 _qpdf
_u
856 4 _qpdf
_u
942 _cKNG
_n0
944 _aCR
_c25.03.2005
_lCRON CRON
_k
944 _aED
_c30.08.2017
_lф /
_kЛюдмила_Стоянова
999 _c45239
_d45239